LEADER 01127nam0 22003011i 450 001 UON00264183 005 20231205103726.345 100 $a20050519d1972 |0itac50 ba 101 $aita 102 $aIT 105 $a|||| ||||| 200 1 $aˆLe ‰commedie$fAristofane$ga cura di Raffaele Cantarella 205 $aTorino : Einaudi$b1972 210 $aXXII$d630 p. ; 22 cm 215 $aIn custodia. 410 1$1001UON00012518$12001 $aˆI ‰Millenni 620 $aIT$dTorino$3UONL000014 676 $a882$cLetteratura drammatica greca classica$v21 700 0$aAristophanes$3UONV056467$0602827 702 1$aCANTARELLA$bRaffaele$3UONV014708 712 $aEinaudi$3UONV246211$4650 790 0$aARISTOFANE$zAristophanes$3UONV056470 801 $aIT$bSOL$c20260313$gRICA 899 $aSIBA - SISTEMA BIBLIOTECARIO DI ATENEO E ARCHIVIO STORICO$2UONSI 912 $aUON00264183 950 $aSIBA - SISTEMA BIBLIOTECARIO DI ATENEO E ARCHIVIO STORICO$dSI ITA AA 032 $eSI LO 14914 5 032 996 $aCommedie$91743366 997 $aUNIOR